3D REPO - manažovanie dát pre veľké stavebné projekty v 3D

Salvato in:
Dettagli Bibliografici
Autore principale: Tarišková, Natália, 1973-
Natura: Capitolo di libro
Lingua:slovacco
Soggetti:
Tags: Aggiungi Tag
Nessun Tag, puoi essere il primo ad aggiungerne!!

MARC

LEADER 00000naa$a2200000$$$4500
001 0226036
005 20240502073718.4
041 0 |a slo 
044 |a SK 
245 1 0 |a 3D REPO - manažovanie dát pre veľké stavebné projekty v 3D  |c Natália Tarišková 
610 2 0 |a štúdie prípadové 
610 2 0 |a start-up 
610 2 0 |a manažment 
610 2 0 |a dáta 
610 2 0 |a realita virtuálna 
610 2 0 |a softvér 
610 2 0 |a modely 
610 2 0 |a projekty 
100 1 |a Tarišková, Natália, 1973-